Build your own Web Site

Đã lưu trong:
Sonraí Bibleagrafaíochta
Príomhúdar: David Karlins
Formáid: Leabhar
Teanga:Undetermined
Foilsithe: New York McGraw-Hill 2003
Ábhair:
Clibeanna: Cuir Clib Leis
Gan Chlibeanna, Bí ar an gcéad duine leis an taifead seo a chlibeáil!
Thư viện lưu trữ: Trung tâm Học liệu Trường Đại học Cần Thơ
LEADER 00550nam a2200193Ia 4500
001 CTU_57320
008 210402s9999 xx 000 0 und d
020 |b 300000 
082 |a 005.7592 
082 |b K18 
100 |a David Karlins 
245 0 |a Build your own Web Site 
245 0 |c David Karlins 
260 |a New York 
260 |b McGraw-Hill 
260 |c 2003 
650 |a client/server computing,world wide web ( information retrieval system ),web publishing 
904 |i Minh 
980 |a Trung tâm Học liệu Trường Đại học Cần Thơ